| 000 | 00000nam##2200000za#4500 |
| 001 | 9.570370 |
| 003 | CaOODSP |
| 005 | 20210624182216 |
| 007 | cr ||||||||||| |
| 008 | 150406|2007||||xxc|||||o f|0| 0 eng|d |
| 040 | |aCaOODSP|beng |
| 043 | |an-cn--- |
| 086 | 1 |aIu182-1/2007-8E-PDF |
| 110 | 1 |aCanada. |bIndustry Canada. |bMicro-Economic Policy Analysis Branch. |
| 245 | 10|aInterprovincial trade barriers towards goods and services in Canada : |h[electronic resource]|ban issues paper for Industry Canada / |c[by] John Whalley. |
| 246 | 3 |aRoundtable on Internal trade, opportunities and challenges (2007 : Ottawa, Ont.) |
| 260 | |aOttawa - Ontario : |bIndustry Canada. |
| 300 | |a41p.|bfigs., references, tables |
| 490 | 1 |aWorking paper series|v2007-08 |
| 500 | |a"This research paper is one of four prepared for the Human Resources and Social Development Canada-Industry Canada Roundtable on 'Internal Trade: Opportunities and Challenges' which was held in Ottawa on March 30, 2007"--p.3 of 41. |
| 590 | |a11-08-Supp|b2011-06-16 |
| 720 | 1 |aWhalley, John |
| 775 | 08|tLes entraves interprovinciales au commerce des produits et services au Canada : |w(CaOODSP)9.601103 |
| 830 | #0|aWorking paper series ;|v2007-08|w(CaOODSP)9.504818 |
| 856 | 40|ahttp://publications.gc.ca|qPDF|s155 KB|uhttps://publications.gc.ca/collections/collection_2011/ic/Iu182-1-2007-8-eng.pdf|y2007-08 |
| 986 | |aIC 60410 |